[Event "Baden-Baden op"]
[Site "Baden-Baden"]
[Date "2024.02.11"]
[Round "5"]
[White "Knudsen, Simon"]
[Black "Menzel, Maximilian"]
[Result "1/2-1/2"]
[WhiteElo "2231"]
[BlackElo "2103"]
[PlyCount "65"]
[EventDate "2024.02.09"]
[EventType "swiss"]
[EventRounds "9"]
[EventCountry "GER"]
[SourceTitle "CB08_2024"]
[SourceDate "2024.02.21"]
[SourceVersion "1"]
[SourceVersionDate "2024.02.21"]
[SourceQuality "1"]

1. e4 c6 2. d4 d5 3. e5 Bf5 4. Nd2 e6 5. Nb3 Nd7 6. Nf3 Bg6 7. Be2 Nh6 8. 0-0 Nf5 9. a4 a6 10. a5 c5 11. dxc5 Nxc5 12. c3 Qc7 13. Nbd4 Be7 14. Bf4 0-0 15. Re1 Rfd8 16. Bf1 b5 17. axb6 Qxb6 18. Ra2 Rdc8 19. Nxf5 Bxf5 20. Nd4 Bg6 21. Re3 a5 22. Qa1 Nb3 23. Nxb3 Qxb3 24. c4 Qb6 25. cxd5 exd5 26. b3 Bc5 27. Rg3 Re8 28. Qd1 Bd4 29. Rd2 Bxe5 30. Bxe5 Rxe5 31. Rxd5 Rxd5 32. Qxd5 Rd8 33. Re3 1/2-1/2

[Event "Baden-Baden op"]
[Site "Baden-Baden"]
[Date "2024.02.11"]
[Round "4"]
[White "Schlosser, Philipp"]
[Black "Knudsen, Simon"]
[Result "1-0"]
[WhiteElo "2509"]
[BlackElo "2231"]
[PlyCount "55"]
[EventDate "2024.02.09"]
[EventType "swiss"]
[EventRounds "9"]
[EventCountry "GER"]
[SourceTitle "CB08_2024"]
[SourceDate "2024.02.21"]
[SourceVersion "1"]
[SourceVersionDate "2024.02.21"]
[SourceQuality "1"]

1. Nf3 Nf6 2. c4 g6 3. Nc3 Bg7 4. e4 e5 5. Nxe5 0-0 6. Nf3 Re8 7. d3 d5 8. cxd5 Nxd5 9. Bd2 Bg4 10. Be2 Bxf3 11. gxf3 Nb4 12. Be3 N8c6 13. h4 Nd4 14. Rc1 c5 15. a3 Nbc6 16. h5 Qd6 17. f4 Rad8 18. e5 Qe6 19. Bg4 f5 20. exf6 Qxf6 21. Ne4 Qf7 22. hxg6 hxg6 23. Rxc5 Nf5 24. Bxf5 gxf5 25. Ng5 Qa2 26. Kf1 Nd4 27. Qh5 b6 28. Bxd4 1-0

[Event "Baden-Baden op"]
[Site "Baden-Baden"]
[Date "2024.02.10"]
[Round "3"]
[White "Knudsen, Simon"]
[Black "Voss, Georg"]
[Result "1-0"]
[WhiteElo "2231"]
[BlackElo "1863"]
[PlyCount "61"]
[EventDate "2024.02.09"]
[EventType "swiss"]
[EventRounds "9"]
[EventCountry "GER"]
[SourceTitle "CB08_2024"]
[SourceDate "2024.02.21"]
[SourceVersion "1"]
[SourceVersionDate "2024.02.21"]
[SourceQuality "1"]

1. e4 c5 2. Nf3 a6 3. g3 b5 4. Bg2 Bb7 5. Qe2 Nc6 6. 0-0 e5 7. c3 c4 8. d3 cxd3 9. Qxd3 Nf6 10. Bg5 h6 11. Bxf6 Qxf6 12. Rd1 Rd8 13. Nbd2 g5 14. b4 Na7 15. a4 bxa4 16. Nc4 d6 17. Rxa4 Be7 18. Ne3 Qe6 19. Nf5 Qd7 20. Raa1 Qb5 21. Qe3 Nc8 22. Nd2 Nb6 23. Bf1 Qc6 24. Bxa6 d5 25. exd5 Nxd5 26. Bxb7 Qxb7 27. Qxe5 f6 28. Qe6 Nxc3 29. Nc4 Kf8 30. Rxd8+ Bxd8 31. Ncd6 1-0

[Event "Staufer op 34th"]
[Site "Schwaebisch Gmuend"]
[Date "2024.01.05"]
[Round "7"]
[White "Knudsen, Simon"]
[Black "Reimann, Sebastian"]
[Result "0-1"]
[WhiteElo "2213"]
[BlackElo "2369"]
[PlyCount "62"]
[EventDate "2024.01.02"]
[EventType "swiss"]
[EventRounds "9"]
[EventCountry "GER"]
[SourceTitle "CB02_2024"]
[SourceDate "2024.01.10"]
[SourceVersion "1"]
[SourceVersionDate "2024.01.10"]
[SourceQuality "1"]

1. e4 c5 2. Nf3 d6 3. Bb5+ Nd7 4. a4 Ngf6 5. Nc3 g6 6. a5 Bg7 7. 0-0 0-0 8. Re1 a6 9. Bf1 b5 10. axb6 Qxb6 11. d4 cxd4 12. Nxd4 Bb7 13. Nb3 a5 14. Bg5 Rfc8 15. Qd2 Rxc3 16. Qxc3 Nxe4 17. Qe3 a4 18. Nd2 Bd4 19. Nxe4 Bxe3 20. Bxe3 Qxb2 21. Bd3 Nf6 22. Rab1 Qe5 23. Nxf6+ Qxf6 24. Rxb7 a3 25. Rbb1 a2 26. Ra1 Qc3 27. Red1 d5 28. Bd2 Qb2 29. c4 dxc4 30. Bxc4 Qc2 31. Bd5 Qxd1+ 0-1

[Event "Skalica op-A"]
[Site "Skalica"]
[Date "2022.08.26"]
[Round "7"]
[White "Valkova, Angelika"]
[Black "Knudsen, Simon"]
[Result "0-1"]
[WhiteElo "2075"]
[BlackElo "2260"]
[PlyCount "212"]
[EventDate "2022.08.20"]
[EventType "swiss"]
[EventRounds "9"]
[EventCountry "SVK"]
[SourceTitle "CBM 209 Extra"]
[Source "ChessBase"]
[SourceDate "2022.09.30"]
[SourceVersion "1"]
[SourceVersionDate "2022.09.30"]
[SourceQuality "1"]

1. d4 d5 2. c4 c6 3. cxd5 cxd5 4. Nc3 Nf6 5. Bf4 Nc6 6. e3 a6 7. Bd3 Bg4 8. f3 Bh5 9. Nge2 e6 10. Rc1 Bd6 11. 0-0 0-0 12. Na4 e5 13. dxe5 Nxe5 14. Bb1 Bg6 15. Bxg6 Nxg6 16. Bg5 h6 17. Bxf6 Qxf6 18. Qxd5 Bxh2+ 19. Kxh2 Qh4+ 20. Kg1 Qxa4 21. Nd4 Rfd8 22. Qxb7 Rab8 23. Qc7 Re8 24. Rf2 Qxa2 25. b3 Qa3 26. Rfc2 a5 27. Rc4 Ra8 28. Ra4 Qf8 29. Qc3 Rac8 30. Qd2 Rxc1+ 31. Qxc1 Qe7 32. Rxa5 Qxe3+ 33. Qxe3 Rxe3 34. Ra8+ Kh7 35. b4 Rd3 36. Rd8 Nf4 37. Kf1 Rd1+ 38. Kf2 Rb1 39. b5 Rb2+ 40. Kf1 Nxg2 41. Rb8 h5 42. b6 Ne3+ 43. Kg1 Nc4 44. b7 Nd6 45. Rd8 Nxb7 46. Rb8 Rd2 47. Rxb7 Rxd4 48. Rxf7 Rd2 49. Rf5 Kg6 50. Ra5 Kh6 51. Rb5 g6 52. Ra5 Kg7 53. Ra6 Kf7 54. Rb6 Kg7 55. Rb7+ Kh6 56. Rb8 Kg5 57. Ra8 Rd5 58. Kg2 Re5 59. Ra4 Rb5 60. Kg3 Rf5 61. f4+ Kh6 62. Ra7 Rb5 63. Ra3 Kg7 64. Rc3 Kf6 65. Ra3 Kf5 66. Rc3 Rb4 67. Rc5+ Kf6 68. Rc6+ Kg7 69. Rc7+ Kh6 70. Rc3 Rb1 71. Rf3 Kg7 72. Ra3 Rd1 73. Rb3 Kf6 74. Ra3 Rd5 75. Rb3 Kf5 76. Ra3 Ke4 77. Ra4+ Rd4 78. Ra6 Rd3+ 79. Kf2 Kf5 80. Ke2 Rb3 81. Kf2 h4 82. Kg2 Rg3+ 83. Kh2 Kxf4 84. Ra4+ Kg5 85. Ra5+ Kg4 86. Ra4+ Kh5 87. Ra8 g5 88. Rh8+ Kg4 89. Ra8 Rf3 90. Ra4+ Rf4 91. Ra2 h3 92. Ra3 Rf2+ 93. Kg1 Rf3 94. Ra5 Kh4 95. Ra4+ g4 96. Kh2 Rf8 97. Rb4 Re8 98. Kg1 Kg3 99. Rb3+ Kf4 100. Ra3 Re3 101. Ra1 g3 102. Rf1+ Kg4 103. Ra1 h2+ 104. Kg2 Re2+ 105. Kh1 Kh3 106. Rb1 g2# 0-1

[Event "Skalica op-A"]
[Site "Skalica"]
[Date "2022.08.24"]
[Round "5"]
[White "Rakovsky, Jakub"]
[Black "Knudsen, Simon"]
[Result "1/2-1/2"]
[WhiteElo "1966"]
[BlackElo "2260"]
[PlyCount "43"]
[EventDate "2022.08.20"]
[EventType "swiss"]
[EventRounds "9"]
[EventCountry "SVK"]
[SourceTitle "CBM 209 Extra"]
[Source "ChessBase"]
[SourceDate "2022.09.30"]
[SourceVersion "1"]
[SourceVersionDate "2022.09.30"]
[SourceQuality "1"]

1. e4 c5 2. Nf3 Nc6 3. g3 Nf6 4. Nc3 e5 5. Bg2 Be7 6. d3 h6 7. Nd5 d6 8. Nxe7 Qxe7 9. Ng1 0-0 10. Ne2 Rd8 11. c4 Nd4 12. 0-0 b5 13. Nxd4 cxd4 14. cxb5 Qb7 15. a4 a6 16. b4 axb5 17. a5 Qe7 18. Bd2 Bb7 19. Qb3 Qd7 20. f4 Rac8 21. fxe5 dxe5 22. Rac1 1/2-1/2

[Event "Skalica op-A"]
[Site "Skalica"]
[Date "2022.08.23"]
[Round "4"]
[White "Knudsen, Simon"]
[Black "Tancsa, Tamas"]
[Result "0-1"]
[WhiteElo "2260"]
[BlackElo "2085"]
[PlyCount "110"]
[EventDate "2022.08.20"]
[EventType "swiss"]
[EventRounds "9"]
[EventCountry "SVK"]
[SourceTitle "CBM 209 Extra"]
[Source "ChessBase"]
[SourceDate "2022.09.30"]
[SourceVersion "1"]
[SourceVersionDate "2022.09.30"]
[SourceQuality "1"]

1. e4 e5 2. Nf3 Nc6 3. Bc4 Nf6 4. Ng5 d5 5. exd5 Nd4 6. c3 b5 7. Bf1 Nxd5 8. cxd4 Qxg5 9. Bxb5+ Kd8 10. 0-0 Bb7 11. Qf3 Rb8 12. dxe5 Ne3 13. Qh3 Qxg2+ 14. Qxg2 Nxg2 15. d4 Be7 16. Be2 f6 17. Nc3 g5 18. d5 Nf4 19. Bxf4 gxf4 20. e6 f5 21. Rfd1 Rg8+ 22. Kf1 Bd6 23. Nb5 f3 24. Bxf3 Bxh2 25. a4 Ba6 26. Ke2 Be5 27. Rd2 Ke7 28. Rh1 Rg7 29. Rh5 Kf6 30. Rh6+ Kg5 31. Rh5+ Kg6 32. Rd1 Bxb5+ 33. axb5 Rxb5 34. Rg1+ Kf6 35. Rxg7 Rxb2+ 36. Kd3 Kxg7 37. Rxf5 Bf6 38. Be4 Rb4 39. Rh5 h6 40. f4 a5 41. Rh2 Rb3+ 42. Kd2 Rg3 43. Rh1 Be7 44. Ke2 Bd6 45. f5 a4 46. Bf3 Rg5 47. Be4 a3 48. Ke3 h5 49. Bb1 Kf6 50. Kd4 Rg4+ 51. Kc3 h4 52. Kb3 Rb4+ 53. Kc3 Rxb1 54. Rxb1 a2 55. e7 axb1N+ 0-1

[Event "Skalica op-A"]
[Site "Skalica"]
[Date "2022.08.20"]
[Round "1"]
[White "Neuhoff, Laertes"]
[Black "Knudsen, Simon"]
[Result "0-1"]
[WhiteElo "1997"]
[BlackElo "2260"]
[PlyCount "114"]
[EventDate "2022.08.20"]
[EventType "swiss"]
[EventRounds "9"]
[EventCountry "SVK"]
[SourceTitle "CBM 209 Extra"]
[Source "ChessBase"]
[SourceDate "2022.09.30"]
[SourceVersion "1"]
[SourceVersionDate "2022.09.30"]
[SourceQuality "1"]

1. e4 c5 2. Nf3 Nc6 3. d4 cxd4 4. Nxd4 Nf6 5. Nc3 e6 6. Ndb5 Bb4 7. a3 Bxc3+ 8. Nxc3 d5 9. exd5 exd5 10. Bd3 0-0 11. 0-0 d4 12. Ne2 Bg4 13. f3 Bh5 14. Bg5 Bg6 15. Ng3 h6 16. Bxf6 Qxf6 17. f4 Bxd3 18. Qxd3 Rfe8 19. Ne4 Qf5 20. Nd6 Qxd3 21. cxd3 Re3 22. Rad1 b6 23. Rfe1 Kf8 24. Nf5 Re6 25. Rxe6 fxe6 26. Rc1 exf5 27. Rxc6 Re8 28. Kf2 Re3 29. Rc8+ Ke7 30. Rc7+ Kd6 31. Rxa7 Rxd3 32. Rxg7 Rd2+ 33. Ke1 Rxb2 34. Rg6+ Kc5 35. Rxh6 Rxg2 36. Rf6 Rxh2 37. Rxf5+ Kc4 38. Rf8 Kd3 39. f5 Re2+ 40. Kd1 Ra2 41. Ke1 Rxa3 42. f6 b5 43. Rb8 Ra1+ 44. Kf2 Ra6 45. Rxb5 Rxf6+ 46. Ke1 Ra6 47. Rb8 Ra1+ 48. Kf2 Kd2 49. Rb2+ Kc3 50. Rb8 d3 51. Rc8+ Kd2 52. Rb8 Ra5 53. Rb2+ Kc1 54. Rb8 Rc5 55. Ra8 d2 56. Ra1+ Kb2 57. Rg1 Rc1 0-1

[Event "Prague op"]
[Site "Prague"]
[Date "2022.06.11"]
[Round "2"]
[White "Iniyan, Panneerseluam"]
[Black "Knudsen, Simon"]
[Result "1-0"]
[WhiteElo "2518"]
[BlackElo "2242"]
[PlyCount "65"]
[EventDate "2022.06.10"]
[EventType "swiss"]
[EventRounds "9"]
[EventCountry "CZE"]
[SourceTitle "CBM 208 Extra"]
[Source "ChessBase"]
[SourceDate "2022.07.31"]
[SourceVersion "1"]
[SourceVersionDate "2022.07.31"]
[SourceQuality "1"]

1. d4 Nf6 2. c4 g6 3. Nc3 d5 4. cxd5 Nxd5 5. e4 Nxc3 6. bxc3 Bg7 7. Qa4+ Nd7 8. Nf3 0-0 9. Be2 c5 10. 0-0 cxd4 11. cxd4 Nc5 12. dxc5 Bxa1 13. e5 f6 14. Bh6 Bxe5 15. Nxe5 fxe5 16. Rd1 Qe8 17. Qb3+ Rf7 18. Bb5 Be6 19. Qb2 Qb8 20. Re1 Qc7 21. Rxe5 Bxa2 22. f4 Qa5 23. Bd7 Bd5 24. h4 Qxc5+ 25. Kh2 Qd6 26. Bh3 a5 27. Qd2 Bc6 28. Qa2 a4 29. Be6 Be8 30. Qa1 Bd7 31. Ra5 Qxe6 32. Rxa8+ Bc8 33. Qc3 1-0

[Event "Cattolica Primavera op"]
[Site "Cattolica"]
[Date "2022.03.19"]
[Round "6"]
[White "Engel, Robert"]
[Black "Knudsen, Simon"]
[Result "1/2-1/2"]
[WhiteElo "2128"]
[BlackElo "2210"]
[PlyCount "33"]
[EventDate "2022.03.16"]
[EventType "swiss"]
[EventRounds "9"]
[EventCountry "ITA"]
[SourceTitle "CBM 207 Extra"]
[Source "ChessBase"]
[SourceDate "2022.05.31"]
[SourceVersion "1"]
[SourceVersionDate "2022.05.31"]
[SourceQuality "1"]

1. e4 c5 2. Nf3 e6 3. d4 cxd4 4. Nxd4 Nf6 5. Nc3 Nc6 6. Be2 Bb4 7. 0-0 Bxc3 8. bxc3 Nxe4 9. Qd3 d5 10. Ba3 a6 11. c4 dxc4 12. Qxe4 Qxd4 13. Qf3 Qd5 14. Qc3 Qd4 15. Qf3 Qd5 16. Qg4 Qd4 17. Qf3 1/2-1/2

[Event "Cattolica Primavera op"]
[Site "Cattolica"]
[Date "2022.03.18"]
[Round "5"]
[White "Knudsen, Simon"]
[Black "Enchev, Ivajlo"]
[Result "0-1"]
[WhiteElo "2210"]
[BlackElo "2449"]
[PlyCount "68"]
[EventDate "2022.03.16"]
[EventType "swiss"]
[EventRounds "9"]
[EventCountry "ITA"]
[SourceTitle "CBM 207 Extra"]
[Source "ChessBase"]
[SourceDate "2022.05.31"]
[SourceVersion "1"]
[SourceVersionDate "2022.05.31"]
[SourceQuality "1"]

1. e4 c5 2. Nf3 Nc6 3. Bb5 g6 4. 0-0 Bg7 5. c3 e5 6. d3 Nge7 7. Ba4 d5 8. exd5 Qxd5 9. Bb3 Qd8 10. Ng5 0-0 11. Qf3 Nf5 12. Ne4 Na5 13. Nxc5 Qb6 14. Na4 Qc7 15. Bc2 Bd7 16. b4 Nc6 17. Qd1 b6 18. Nd2 a5 19. b5 Nd8 20. Nc4 Bxb5 21. Naxb6 Rb8 22. Rb1 Bc6 23. Ba3 Re8 24. d4 Bxg2 25. Kxg2 Nh4+ 26. Kh1 exd4 27. Bd6 Qc6+ 28. f3 Rxb6 29. Rxb6 Qxc4 30. Ba4 Qxa2 31. Rg1 Re3 32. Bb3 Qf2 33. cxd4 Re1 34. Bxf7+ Kh8 0-1

[Event "Cattolica Primavera op"]
[Site "Cattolica"]
[Date "2022.03.16"]
[Round "1"]
[White "Knudsen, Simon"]
[Black "Azarov, Sergei Nikolaevich"]
[Result "0-1"]
[WhiteElo "2210"]
[BlackElo "2604"]
[PlyCount "74"]
[EventDate "2022.03.16"]
[EventType "swiss"]
[EventRounds "9"]
[EventCountry "ITA"]
[SourceTitle "CBM 207 Extra"]
[Source "ChessBase"]
[SourceDate "2022.05.31"]
[SourceVersion "1"]
[SourceVersionDate "2022.05.31"]
[SourceQuality "1"]

1. e4 e5 2. Nf3 Nc6 3. Bc4 Bc5 4. c3 Nf6 5. d4 exd4 6. e5 d5 7. Bb5 Ne4 8. cxd4 Bb6 9. Nc3 0-0 10. Be3 Bg4 11. h3 Bh5 12. Qc2 f5 13. Nxd5 Ba5+ 14. Ke2 Kh8 15. Bxc6 bxc6 16. Nf4 Bf7 17. e6 Be8 18. Rhd1 g5 19. Nd3 Qd5 20. Nc5 Bh5 21. Kf1 g4 22. hxg4 fxg4 23. Ne5 Nxf2 24. Bxf2 g3 25. Qe4 Rxf2+ 26. Kg1 Bxd1 27. Rxd1 Qxe4 28. Nxe4 Rxb2 29. e7 Re8 30. Nxc6 Bb6 31. Nf6 Rxe7 32. Nxe7 Bxd4+ 33. Kh1 Bxf6 34. Nf5 Rxa2 35. Nxg3 Ra1 36. Rxa1 Bxa1 37. Kg1 a5 0-1

[Event "Cattolica Spring Mix"]
[Site "Cattolica"]
[Date "2022.03.14"]
[Round "9"]
[White "Knudsen, Simon"]
[Black "Ermitsch, Magnus"]
[Result "1-0"]
[WhiteElo "2203"]
[BlackElo "2127"]
[PlyCount "129"]
[EventDate "2022.03.10"]
[EventType "swiss"]
[EventRounds "9"]
[EventCountry "ITA"]
[SourceTitle "CBM 207 Extra"]
[Source "ChessBase"]
[SourceDate "2022.05.31"]
[SourceVersion "1"]
[SourceVersionDate "2022.05.31"]
[SourceQuality "1"]

1. e4 c5 2. Nf3 e6 3. g3 Nc6 4. Bg2 Nf6 5. Qe2 e5 6. 0-0 Be7 7. c3 0-0 8. Rd1 d5 9. exd5 Qxd5 10. d3 Rd8 11. Ng5 Qd6 12. Na3 Bg4 13. Bf3 Bxf3 14. Qxf3 Qd5 15. Be3 Rab8 16. Ne4 b6 17. Nxf6+ Bxf6 18. Qxd5 Rxd5 19. Kf1 Rbd8 20. Ke2 Kf8 21. Nc2 Ke7 22. a4 Ke6 23. f3 Be7 24. Bf2 f5 25. Ne3 R5d7 26. Nc4 g5 27. h3 h5 28. g4 Bf8 29. Be3 Kf6 30. gxf5 Kxf5 31. Rg1 Be7 32. Rad1 Rc8 33. Rg2 Nd8 34. h4 gxh4 35. Rg8 Bf6 36. Rdg1 h3 37. Rh1 Rc6 38. Rxh3 Rh7 39. a5 Nf7 40. Rb8 Bd8 41. a6 Rc7 42. Na3 Rd7 43. Nb5 Ke6 44. Rb7 Nd6 45. Rxd7 Rxd7 46. Nxd6 Kxd6 47. Rxh5 Kc6 48. c4 Bc7 49. Bf2 Re7 50. Rh6+ Bd6 51. Bg3 Kd7 52. Rg6 Bc7 53. Ke3 Bd6 54. Ke4 Kc7 55. Rg5 Rh7 56. Bxe5 Bxe5 57. Kxe5 Rh2 58. Rg7+ Kb8 59. Rb7+ Ka8 60. f4 Rxb2 61. f5 Re2+ 62. Kd6 b5 63. Re7 Rxe7 64. Kxe7 bxc4 65. dxc4 1-0

[Event "Pfalz op-A 11th"]
[Site "Neustadt an der Weinstrasse"]
[Date "2020.02.25"]
[Round "8"]
[White "Knudsen, Simon"]
[Black "Bethke, Robert"]
[Result "1/2-1/2"]
[WhiteElo "2190"]
[BlackElo "2028"]
[PlyCount "52"]
[EventDate "2020.02.21"]
[EventType "swiss"]
[EventRounds "9"]
[EventCountry "GER"]
[SourceTitle "CBM 195 Extra"]
[Source "ChessBase"]
[SourceDate "2020.05.31"]
[SourceVersion "1"]
[SourceVersionDate "2020.05.31"]
[SourceQuality "1"]

1. e4 e5 2. Nf3 Nf6 3. d4 Nxe4 4. dxe5 d5 5. Nbd2 Nxd2 6. Bxd2 Be7 7. Bd3 c5 8. c3 Nc6 9. h3 a6 10. Qc2 h6 11. 0-0 0-0 12. Rfe1 b5 13. Rad1 Be6 14. Bc1 Qa5 15. Bf5 Nd8 16. Bxe6 Nxe6 17. Rxd5 Qxa2 18. Rd7 Rfe8 19. Qe4 Bg5 20. Qf5 Nf8 21. Nxg5 hxg5 22. Rd3 Qe6 23. Qxg5 f6 24. Qh5 fxe5 25. Bf4 Qc4 26. Rf3 g6 1/2-1/2

[Event "Pfalz op-A 11th"]
[Site "Neustadt an der Weinstrasse"]
[Date "2020.02.22"]
[Round "2"]
[White "Knudsen, Simon"]
[Black "Gschnitzer, Adrian"]
[Result "0-1"]
[WhiteElo "2190"]
[BlackElo "2396"]
[PlyCount "104"]
[EventDate "2020.02.21"]
[EventType "swiss"]
[EventRounds "9"]
[EventCountry "GER"]
[SourceTitle "CBM 195 Extra"]
[Source "ChessBase"]
[SourceDate "2020.05.31"]
[SourceVersion "1"]
[SourceVersionDate "2020.05.31"]
[SourceQuality "1"]

1. e4 c6 2. d4 d5 3. e5 Bf5 4. Nf3 e6 5. Be2 Ne7 6. 0-0 Ng6 7. c4 dxc4 8. Bxc4 Nd7 9. Nc3 Nb6 10. Bd3 Bxd3 11. Qxd3 Be7 12. Ne4 Qd5 13. Bg5 Bxg5 14. Nfxg5 0-0 15. h4 f5 16. exf6 gxf6 17. Nc3 Qd7 18. Nge4 Nxh4 19. Nc5 Qf7 20. Qe4 Qh5 21. Qxe6+ Kh8 22. N3e4 Rae8 23. Ng3 Qh6 24. Qb3 Nd5 25. Rae1 Nf4 26. Nd7 Nhxg2 27. Rxe8 Rxe8 28. Qf7 Qg6 29. Qxf6+ Qxf6 30. Nxf6 Rd8 31. d5 cxd5 32. Rc1 Kg7 33. Ng4 Rd7 34. Ne5 Re7 35. Nf5+ Kf6 36. Nxe7 Ne2+ 37. Kxg2 Nxc1 38. Nxd5+ Kxe5 39. Nc3 Kf4 40. a3 Nd3 41. b4 Ne1+ 42. Kf1 Nc2 43. Nb5 a6 44. Nd6 Nxa3 45. Nxb7 Nc2 46. Kg2 Nxb4 47. Kh3 Nd3 48. Kg2 Ne1+ 49. Kh3 Nd3 50. Kg2 Ne5 51. Kh3 Kf3 52. Kh4 Nf7 0-1

[Event "GER-chT U20"]
[Site "Braunschweig"]
[Date "2019.12.29"]
[Round "5.3"]
[White "Knudsen, Simon"]
[Black "Joeres, Stefan"]
[Result "1/2-1/2"]
[WhiteElo "2194"]
[BlackElo "2201"]
[PlyCount "67"]
[EventDate "2019.12.27"]
[EventType "team-swiss"]
[EventRounds "7"]
[EventCountry "GER"]
[SourceTitle "CBM 194 Extra"]
[Source "ChessBase"]
[SourceDate "2020.03.31"]
[SourceVersion "1"]
[SourceVersionDate "2020.03.31"]
[SourceQuality "1"]
[WhiteTeam "Brackel"]
[BlackTeam "Karlsruhe SF"]
[WhiteTeamCountry "GER"]
[BlackTeamCountry "GER"]

1. Nf3 c5 2. g3 Nc6 3. Bg2 g6 4. d4 cxd4 5. Nxd4 Bg7 6. Nb3 Nf6 7. 0-0 0-0 8. Nc3 d6 9. a4 Be6 10. Nd5 Nxd5 11. Bxd5 Bxd5 12. Qxd5 Qc7 13. c3 e6 14. Qd1 Rfd8 15. a5 d5 16. Bg5 Rd6 17. Qc2 Rc8 18. e4 h6 19. Be3 d4 20. cxd4 Nxd4 21. Nxd4 Bxd4 22. Qxc7 Rxc7 23. Bxh6 Bxb2 24. Rad1 Rdd7 25. Be3 Bc3 26. Bxa7 Bxa5 27. Bd4 Bc3 28. Bb6 Rxd1 29. Rxd1 Rc6 30. Rb1 Be5 31. Kg2 Rc2 32. Rb5 Rb2 33. Rxe5 Rxb6 34. Rd5 1/2-1/2

[Event "GER-chT U20"]
[Site "Braunschweig"]
[Date "2019.12.28"]
[Round "3.1"]
[White "Knudsen, Simon"]
[Black "Engel, Luis"]
[Result "0-1"]
[WhiteElo "2194"]
[BlackElo "2531"]
[PlyCount "83"]
[EventDate "2019.12.27"]
[EventType "team-swiss"]
[EventRounds "7"]
[EventCountry "GER"]
[SourceTitle "CBM 194 Extra"]
[Source "ChessBase"]
[SourceDate "2020.03.31"]
[SourceVersion "1"]
[SourceVersionDate "2020.03.31"]
[SourceQuality "1"]
[WhiteTeam "Brackel"]
[BlackTeam "Hamburger SK"]
[WhiteTeamCountry "GER"]
[BlackTeamCountry "GER"]

1. e4 c5 2. Nf3 d6 3. d4 cxd4 4. Nxd4 Nf6 5. Nc3 Nc6 6. Bg5 e6 7. Qd2 a6 8. 0-0-0 Bd7 9. Kb1 h6 10. Bh4 Nxe4 11. Nxe4 Qxh4 12. Nxd6+ Bxd6 13. Nf3 Qe7 14. Qxd6 Qxd6 15. Rxd6 Ke7 16. Rd2 Rhc8 17. Be2 Rab8 18. Rhd1 Be8 19. Bf1 b5 20. g3 Na5 21. b3 Nb7 22. Bg2 Nc5 23. Nd4 b4 24. f4 Rb6 25. Re1 Kf6 26. g4 Rd6 27. Kc1 Rcd8 28. Nf3 Bc6 29. Rxd6 Rxd6 30. Nh4 g5 31. Bxc6 Rxc6 32. fxg5+ hxg5 33. Rf1+ Ke7 34. Nf3 f6 35. h4 gxh4 36. Nxh4 Nd3+ 37. Kd2 Ne5 38. Rf4 Rc3 39. Ng2 Rh3 40. Ne3 Rh2+ 41. Kc1 a5 42. Rd4 0-1

[Event "Barcelona Sants op 21st"]
[Site "Barcelona"]
[Date "2019.09.01"]
[Round "10"]
[White "Knudsen, Simon"]
[Black "Bru Rullo, Llatzer"]
[Result "1/2-1/2"]
[WhiteElo "2150"]
[BlackElo "2311"]
[PlyCount "60"]
[EventDate "2019.08.23"]
[EventType "swiss"]
[EventRounds "10"]
[EventCountry "ESP"]
[SourceTitle "EXT 2020"]
[Source "ChessBase"]
[SourceDate "2019.10.17"]
[SourceVersion "1"]
[SourceVersionDate "2019.10.17"]
[SourceQuality "1"]

1. e4 c5 2. Nf3 e6 3. b3 b6 4. Bd3 Bb7 5. 0-0 d6 6. Bb2 Nc6 7. Re1 Nf6 8. e5 dxe5 9. Nxe5 Nxe5 10. Rxe5 Bd6 11. Re3 h5 12. Na3 Nd5 13. Qf3 Qh4 14. g3 Qg4 15. Qxg4 hxg4 16. Re4 Nf6 17. Bxf6 gxf6 18. Nb5 Bb8 19. Rxg4 a6 20. Nc3 f5 21. Rg5 Bd6 22. Be2 0-0-0 23. Rd1 f4 24. Rh5 fxg3 25. fxg3 Rhg8 26. Rf1 c4 27. Rxf7 cxb3 28. axb3 Bc5+ 29. Rxc5+ bxc5 30. Bc4 Rd6 1/2-1/2

[Event "GER-ch U25-A"]
[Site "Willingen"]
[Date "2019.06.15"]
[Round "9"]
[White "Knudsen, Simon"]
[Black "Savchenko, Daniel"]
[Result "1/2-1/2"]
[WhiteElo "2166"]
[BlackElo "2119"]
[PlyCount "41"]
[EventDate "2019.06.08"]
[EventType "swiss"]
[EventRounds "9"]
[EventCountry "GER"]
[SourceTitle "CBM 191 Extra"]
[Source "ChessBase"]
[SourceDate "2019.09.30"]
[SourceVersion "1"]
[SourceVersionDate "2019.09.30"]
[SourceQuality "1"]

1. Nf3 d5 2. g3 e6 3. Bg2 Nf6 4. 0-0 Be7 5. d3 0-0 6. Nbd2 c5 7. e4 Nc6 8. c3 b6 9. Qe2 Bb7 10. Re1 Qc7 11. e5 Nd7 12. Nf1 Rae8 13. Bf4 Qc8 14. h4 h6 15. N1h2 f5 16. Qd2 Rf7 17. Rac1 Kh7 18. b4 a6 19. a3 Qa8 20. d4 cxd4 21. cxd4 1/2-1/2

[Event "GER-ch U25-A"]
[Site "Willingen"]
[Date "2019.06.09"]
[Round "1"]
[White "Rothenberg, Jannik"]
[Black "Knudsen, Simon"]
[Result "0-1"]
[WhiteElo "1795"]
[BlackElo "2166"]
[PlyCount "60"]
[EventDate "2019.06.08"]
[EventType "swiss"]
[EventRounds "9"]
[EventCountry "GER"]
[SourceTitle "CBM 191 Extra"]
[Source "ChessBase"]
[SourceDate "2019.09.30"]
[SourceVersion "1"]
[SourceVersionDate "2019.09.30"]
[SourceQuality "1"]

1. d4 g6 2. c4 Bg7 3. Nc3 d6 4. e4 e5 5. dxe5 dxe5 6. Be3 Nc6 7. Qxd8+ Nxd8 8. 0-0-0 Ne6 9. Nge2 Nf6 10. h3 0-0 11. g3 c6 12. Bg2 Re8 13. Rd2 Bf8 14. Rhd1 Kg7 15. f4 Bc5 16. Bxc5 Nxc5 17. b4 Ncd7 18. f5 Nb6 19. fxg6 hxg6 20. c5 Nc4 21. Rd3 Be6 22. Na4 b5 23. Nb2 a5 24. Nxc4 Bxc4 25. R3d2 axb4 26. Kb1 Ra3 27. Rb2 Rea8 28. Rdd2 b3 29. g4 bxa2+ 30. Ka1 Re3 0-1

[Event "GER-chT U20"]
[Site "Osnabrueck"]
[Date "2018.12.29"]
[Round "6.1"]
[White "Pluska, Alexander"]
[Black "Knudsen, Simon"]
[Result "1-0"]
[WhiteElo "2224"]
[BlackElo "2206"]
[PlyCount "41"]
[EventDate "2018.12.27"]
[EventType "team-swiss"]
[EventRounds "7"]
[EventCountry "GER"]
[SourceTitle "CBM 188 Extra"]
[Source "ChessBase"]
[SourceDate "2019.02.26"]
[SourceVersion "1"]
[SourceVersionDate "2019.02.26"]
[SourceQuality "1"]
[WhiteTeam "Kiel Doppelbauer"]
[BlackTeam "Brackel"]
[WhiteTeamCountry "GER"]
[BlackTeamCountry "GER"]

1. Nf3 d5 2. c4 e6 3. b3 Nf6 4. Bb2 Be7 5. e3 0-0 6. Nc3 Nbd7 7. Qc2 Re8 8. Be2 c6 9. Rg1 Nf8 10. g4 Bd6 11. g5 N6d7 12. h4 b6 13. h5 Bb7 14. Nh4 Rc8 15. 0-0-0 Bb8 16. Kb1 c5 17. f4 a6 18. Bf3 b5 19. cxd5 exd5 20. Bxd5 Qb6 21. g6 1-0